| 000 | 01163nam2a22002531 4500 | ||
|---|---|---|---|
| 001 | RU\NLR\INFOCOMM7\1000007980 | ||
| 005 | 20250617043330.0 | ||
| 035 | _a(NLR Aleph) 002450931 | ||
| 090 |
_a2162653 _c2162653 |
||
| 100 | _a20040323d1987 |||y0rusy50 ca | ||
| 101 | 0 | _arus | |
| 102 | _aRU | ||
| 105 | _ay ||||||||| | ||
| 200 | 0 | _a1987, Вып.15(93) | |
| 210 |
_d1987 _aБ. м. |
||
| 421 | 0 |
_12001#$aПриложение _tПриложение |
|
| 461 | 0 |
_1001RU\NLR\INFOCOMM7\1000007681 _12001#$aИностранная техника и экономика средств связи$eИнформ. бюллетень$fЦентр. отраслевой орган науч.-техн. информации "Экос"$v1987, Вып.15(93) _92162617 _cМ. _d1976- _fЦентр. отраслевой орган науч.-техн. информации "Экос" _oИнформ. бюллетень _tИностранная техника и экономика средств связи _v1987, Вып.15(93) |
|
| 801 | 1 |
_aRU _bInfoComm _c20040323 |
|
| 801 | 0 |
_aRU _bNLR _gPSBO |
|
| 852 |
_aNLR _jП10/5181 |
||
| 942 | _cISSUE | ||
| 980 | _aNB | ||
| 980 | _aRUSPER | ||